| 000 | 00672nam a2200277Ia 4500 | ||
|---|---|---|---|
| 008 | 180803s9999 xx 000 0 und d | ||
| 020 | _a9780545737876 | ||
| 050 | _bK164 2013 | ||
| 100 | _aKann, Victoria | ||
| 245 | 0 | _aEmeraldalicious / | |
| 245 | 0 | _cby Victoria Kann. | |
| 260 | _aBroadway, New York : | ||
| 260 | _bScholastic, | ||
| 260 | _c2013 | ||
| 300 | _aunpaged : | ||
| 300 | _bcolored ; | ||
| 300 | _c25cm. | ||
| 500 | _a400 | ||
| 650 | _aGreen movement -- | ||
| 650 | _aMagic -- | ||
| 650 | _aRecycling (Waste, etc.) -- | ||
| 650 | _xJuvenile fiction. | ||
| 650 | _xJuvenile fiction. | ||
| 650 | _xJuvenile fiction. | ||
| 700 | _aTitle. | ||
| 999 |
_c358288 _d358288 |
||